Vista normal
Vista MARC
Entrada Corporate Name
Número de registros utilizados en: 3
001 - CONTROL NUMBER
- control field: 6178
003 - CONTROL NUMBER IDENTIFIER
- control field: OSt
005 - DATE AND TIME OF LATEST TRANSACTION
- control field: 20200625132343.0
008 - FIXED-LENGTH DATA ELEMENTS
- fixed length control field: 200625|| aca||aabn | a|a d
040 ## - CATALOGING SOURCE
- Original cataloging agency: OSt
- Transcribing agency: OSt
110 ## - HEADING--CORPORATE NAME
- Corporate name or jurisdiction name as entry element: Banco de Desarrollo de América Latina
670 ## - SOURCE DATA FOUND
- Source citation: Work cat.: (OSt)3799: Banco de Desarrollo de América Latina, La educación financiera en América Latina y el Caribe : , ©2013